Statistics for NCAA Division I Teams In Texas

Click here to take the quiz!

General Stats

  • This quiz has been taken 169 times
  • The average score is 13 of 23

Answer Stats

Answer% Correct
Texas
100%
Texas A&M
95%
Texas Tech
94%
TCU
87%
Baylor
85%
Houston
85%
UTEP
79%
UTSA
76%
Texas State
70%
North Texas
68%
Rice
68%
SMU
67%
Stephen F. Austin
48%
Sam Houston
45%
Texas Southern
41%
Abilene Christian
36%
Houston Baptist
33%
Lamar
33%
Texas A&M- Corpus Christi
27%
Texas-Arlington
23%
Incarnate Word
21%
Prairie View A&M
16%
Texas-Pan American
10%

Score Distribution

Percentile by Number Answered

Percent of People with Each Score

Your Score History

You have not taken this quiz